Catálogo
 En Linea

La madurez del espiritu / (Registro nro. 34804)

Detalles MARC
000 -CABECERA
campo de control de longitud fija 00715nam a2200205 a 4500
001 - NÚMERO DE CONTROL
campo de control 000035313
005 - FECHA Y HORA DE LA ÚLTIMA TRANSACCIÓN
campo de control 20250612104112.0
008 - DATOS DE LONGITUD FIJA--INFORMACIÓN GENERAL
campo de control de longitud fija 111027s1951 ag 000 0 spa d
040 ## - FUENTE DE LA CATALOGACIÓN
Centro catalogador/agencia de origen DO-SdBNP
Lengua de catalogación spa
Centro/agencia transcriptor BNPHU
041 17 - CÓDIGO DE LENGUA
Código de lengua del texto/banda sonora o título independiente spa
Código de lengua original eng
100 1# - ENTRADA PRINCIPAL--NOMBRE DE PERSONA
Nombre de persona Overstreet, Harry A.,
Fechas asociadas al nombre 1875-1970
9 (RLIN) 61083
245 13 - MENCIÓN DE TÍTULO
Título La madurez del espiritu /
Mención de responsabilidad, etc. Harry A. Overstreet ; traducción de Antonio Portnoy.
260 ## - PUBLICACIÓN, DISTRIBUCIÓN, ETC.
Lugar de publicación, distribución, etc. Buenos Aires :
Nombre del editor, distribuidor, etc. Espasa-Calpe Argentina,
Fecha de publicación, distribución, etc. 1951.
300 ## - DESCRIPCIÓN FÍSICA
Extensión 240 p. ;
Dimensiones 22 cm.
590 ## - NOTA LOCAL (RLIN)
Nota local Perteneció a la biblioteca personal de Juan Isidro Jimenes Grullón.
650 20 - PUNTO DE ACCESO ADICIONAL DE MATERIA--TÉRMINO DE MATERIA
Término de materia o nombre geográfico como elemento de entrada Mente y cuerpo
9 (RLIN) 2740
650 24 - PUNTO DE ACCESO ADICIONAL DE MATERIA--TÉRMINO DE MATERIA
Término de materia o nombre geográfico como elemento de entrada Disciplina mental
9 (RLIN) 61084
650 24 - PUNTO DE ACCESO ADICIONAL DE MATERIA--TÉRMINO DE MATERIA
Término de materia o nombre geográfico como elemento de entrada Espíritu
9 (RLIN) 61085
700 1# - PUNTO DE ACCESO ADICIONAL--NOMBRE DE PERSONA
Nombre de persona Portnoy, Antonio,
Término indicativo de función/relación trad.
9 (RLIN) 61086
Existencias
Estado de retiro Estado de pérdida Restricciones de uso No para préstamo Código de colección Localización permanente Ubicación/localización actual Ubicación en estantería Fecha de adquisición Número de inventario Total de préstamos Signatura topográfica completa Código de barras Fecha visto por última vez Precio válido a partir de Tipo de ítem Koha Nota pública
        Monografías: Libros y Folletos General General Orden iniciada 27.10.2011 LF1   35313-10 25.06.2020 25.06.2020 No se presta Biblioteca Juan Isidro Jiménes Grullón
        Monografías: Libros y Folletos General General Orden iniciada 27.10.2011 LF1   35314-10 25.06.2020 25.06.2020 No se presta  

Con tecnología Koha